[Event "Nachod op 9th"]
[Site "Nachod"]
[Date "2011.07.06"]
[Round "5.28"]
[White "Hejzlar, Zdenek"]
[Black "Horak, Ales"]
[Result "1/2-1/2"]
[WhiteElo "1896"]
[BlackElo "1583"]
[PlyCount "74"]
[EventDate "2011.07.02"]
[EventType "swiss"]
[EventRounds "9"]
[EventCountry "CZE"]
[SourceTitle "EXT 2012"]
[Source "ChessBase"]
[SourceDate "2011.11.24"]
[SourceVersion "1"]
[SourceVersionDate "2011.11.24"]
[SourceQuality "1"]

1. d4 d5 2. Nf3 Nf6 3. Bf4 Bf5 4. Nbd2 e6 5. e3 Be7 6. h3 h6 7. c3 0-0 8. Ne5 Nbd7 9. Ndf3 c5 10. Bd3 Bxd3 11. Qxd3 c4 12. Qc2 b5 13. 0-0 Nxe5 14. Bxe5 Nd7 15. Bh2 Qb6 16. e4 Rfe8 17. exd5 exd5 18. Rfe1 a5 19. a3 a4 20. Qf5 Nf6 21. Ne5 Rad8 22. Re3 Bf8 23. Rae1 Qb7 24. Ng4 Ne4 25. f3 Nd6 26. Bxd6 Rxe3 27. Rxe3 Bxd6 28. f4 Qd7 29. Qxd7 Rxd7 30. Re8+ Kh7 31. g3 Kg6 32. Kf2 f6 33. Kf3 Kf7 34. Re2 Be7 35. Ne3 g6 36. g4 Bd8 37. Ng2 Be7 1/2-1/2

[Event "Nachod op 9th"]
[Site "Nachod"]
[Date "2011.07.05"]
[Round "4.43"]
[White "Cvejn, Jaroslav"]
[Black "Hejzlar, Zdenek"]
[Result "0-1"]
[WhiteElo "1737"]
[BlackElo "1896"]
[PlyCount "81"]
[EventDate "2011.07.02"]
[EventType "swiss"]
[EventRounds "9"]
[EventCountry "CZE"]
[SourceTitle "EXT 2012"]
[Source "ChessBase"]
[SourceDate "2011.11.24"]
[SourceVersion "1"]
[SourceVersionDate "2011.11.24"]
[SourceQuality "1"]

1. Nf3 d5 2. d4 Bf5 3. e3 Nf6 4. Bd3 Bxd3 5. Qxd3 c6 6. 0-0 Nbd7 7. Nc3 e6 8. e4 dxe4 9. Nxe4 h6 10. Bf4 Nxe4 11. Qxe4 Nf6 12. Qd3 Bd6 13. Bxd6 Qxd6 14. Ne5 0-0 15. f4 Rfd8 16. Rad1 c5 17. Qb3 Qc7 18. c3 Rac8 19. h3 Nd5 20. c4 Ne7 21. dxc5 Qxc5+ 22. Kh2 Qc7 23. Rxd8+ Rxd8 24. Rd1 f6 25. Rxd8+ Qxd8 26. Nf3 Qc7 27. Kh1 Kf7 28. Qb5 Nf5 29. Kg1 g6 30. c5 Ne7 31. b4 Nd5 32. g3 g5 33. Qd3 Kg7 34. Nd4 Qf7 35. Qe4 Nc7 36. b5 gxf4 37. gxf4 Qd7 38. Qxb7 Qxd4+ 39. Kf1 Qxc5 40. Qg2+ Kf7 41. Qe2 0-1

[Event "Nachodsko-ch"]
[Site "Nachod"]
[Date "2001.??.??"]
[Round "7"]
[White "Hejzlar, Zdenek"]
[Black "Rosko, Lubos"]
[Result "1/2-1/2"]
[WhiteElo "1945"]
[BlackElo "1685"]
[PlyCount "71"]
[EventDate "2001.??.??"]
[EventType "tourn"]
[EventRounds "13"]
[EventCountry "CZE"]
[SourceTitle "EXT 2007"]
[Source "ChessBase"]
[SourceDate "2006.11.23"]
[SourceVersion "1"]
[SourceVersionDate "2006.11.23"]
[SourceQuality "1"]

1. d4 c5 2. e3 Nf6 3. c3 e6 4. Nd2 b6 5. Be2 Bb7 6. Bf3 Qc7 7. Bxb7 Qxb7 8. Qf3 Qxf3 9. Ngxf3 d5 10. 0-0 Nc6 11. Re1 Be7 12. e4 dxe4 13. Nxe4 cxd4 14. cxd4 Rd8 15. Bg5 Nxd4 16. Nxd4 Rxd4 17. Bxf6 Bxf6 18. Nxf6+ gxf6 19. Rad1 Rxd1 20. Rxd1 Ke7 21. Rc1 Rd8 22. Kf1 Rd2 23. Rc7+ Kf8 24. Rxa7 Rxb2 25. Rb7 Rxa2 26. Rxb6 Kg7 27. g3 Kg6 28. Rb8 f5 29. Rg8+ Kf6 30. Rh8 Kg7 31. Rb8 e5 32. Rb5 f6 33. Rb7+ Kg6 34. Rb8 f4 35. gxf4 exf4 36. Kg2 1/2-1/2